000 00325 a2200133 4500
001 85387
020 _a9781597840651
082 _a297.2 GUL
090 _c40114
_d40113
100 _aM. Fethullah Gulen
245 _aQuestions and Answers about Islam Vol-2
260 _aNew Jersy
_bTughra Books
_c2010
300 _axv 176
942 _acae nust
_k297.2 GUL
999 _c320460
_d320460